Cor de Soluções de Complexos - Statistics

Estatísticas Gerais
  • Esse quiz foi jogado 183 vezes
    52 desde o último reset
  • A pontuação média é 28 de 37
Estatísticas das Respostas
Complexo Cor da Solução % Correto
[SnS₃]²⁻ Amarela
89%
[Cr(NH₃)₆]²⁺ Amarela
89%
[Ag(NH₃)₂]⁺ Incolor (Tollens)
89%
[Fe(H₂O)₅(OH)]²⁺ Laranja-Acastanhada
89%
[Fe(H₂O)₆]²⁺ Verde Pálida
89%
[Co(H₂O)₆]²⁺ Vermelha/Rosa
89%
[V(H₂O)₆]²⁺ Violeta
89%
[CuCl₄]²⁻ Amarela
78%
[Co(NH₃)₆]³⁺ Amarela
78%
[VO₂(H₂O)₄]⁺ Amarela
78%
[Fe(CN)₆]⁴⁻ Amarela Pálida
78%
[Co(SCN)₄]²⁻ Azul
78%
[Cr(H₂O)₆]²⁺ Azul
78%
[CoCl₄]²⁻ Azul
78%
[VO(H₂O)₅]²⁺ Azul
78%
[Cu(H₂O)₆]²⁺ Azul
78%
[Cu(NH₃)₄]²⁺ Azul-Celeste
78%
Fe₄[Fe(CN)]₆ Azul da Prússia
78%
[Au(CN)₂]⁻ Incolor
78%
[Ca(EDTA)]²⁻ Incolor
78%
Ni(CO)₄ Incolor
78%
[CrF₆]³⁻ Verde
78%
[Ni(H₂O)₆]²⁺ Verde
78%
[V(H₂O)₆]³⁺ Verde
78%
[Cr(OH)₄]⁻ Verde
78%
[Cr(OH)₆]³⁻ Verde
78%
[FeSCN]²⁺ Vermelho-Sangue
78%
[Cr(H₂O)₆]³⁺ Violeta
78%
[Ti(H₂O)₆]³⁺ Violeta
78%
cis-[PtCl₂(NH₃)₂] Amarelada
67%
[Zn(OH)₄]²⁻ Incolor
67%
[Al(OH)₄]⁻ Incolor
67%
[Mn(H₂O)₆]²⁺ Rosa (muito) Pálida
67%
[Fe(C₂O₄)₃]³⁻ Verde
67%
[Fe(H₂O)₆]³⁺ Violeta Pálida
67%
[PtCl₄]²⁻ Vermelha
56%
[Cr(CN)₆]³⁻ Amarela
33%
Nenhum quiz correspondente encontrado
Distribuição das Pontuações
Porcentagem de Pessoas com Cada Pontuação
Percentil de Números Respondidos
Sua Pontuação Histórica
Você não jogou esse quiz desde o último reset